000 00433nam a2200157 i 4500
001 49506
003 ES-MaACL
005 20230906162003.0
007 t|
008 030717m18701871po ||||1| por d
100 1 _aCosta, Antonio da.
_941041
245 1 2 _aA instruçao nacional /
_cpor Antonio da Costa.
260 _aLisboa :
_b[s.n.],
_c1870-1871 (
_fImprensa Nacional)
300 _a300 p. ;
_c19 cm.
852 _aES-MaACL
_jG-8974
999 _c49506
_d49506